000 00396nam a2200145Ia 4500
008 100122s9999 xx 000 0 und d
082 _b23000
_a823
100 _aमेहता शशिकला
245 _aहारजीत
260 _bप्रपंच प्रकाशन
_c1976
300 _a96
630 _aहारजीत
730 _aहारजीत
942 _cBOOK
999 _c410632
_d410629